|
|
|
|
| LEADER |
00000n m0a2200000 4500 |
| 001 |
374666 |
| 005 |
20231102012653.0 |
| 020 |
|
|
|a RU
|b 86-66514
|
| 035 |
|
|
|a (RuTPU)RU\TPU\retro\32100
|
| 035 |
|
|
|a RU\TPU\book\303978
|
| 090 |
|
|
|a 374666
|
| 100 |
|
|
|a 20221219d1986 m y0rusy5003 ca
|
| 101 |
0 |
|
|a rus
|
| 102 |
|
|
|a RU
|
| 105 |
|
|
|a a j 001zy
|
| 200 |
1 |
|
|a Газовщик доменной печи. Технологические основы доменного поизвдствава
|e учебное пособие для среднего профессионально-технического образования
|f Е. Е. Гаврилов, М. Т. Бузоверя, Н. М. Можаренко
|
| 210 |
|
|
|a Москва
|c Металлургия
|d 1986
|
| 215 |
|
|
|a 175 с.
|c ил.
|
| 320 |
|
|
|a Библиогр.: с. 174 (7 назв.)
|
| 606 |
1 |
|
|a Доменная плавка
|x Оптимизация
|2 stltpush
|3 (RuTPU)RU\TPU\subj\9895
|9 37048
|
| 610 |
1 |
|
|a доменное производство
|
| 610 |
1 |
|
|a технология
|
| 610 |
1 |
|
|a продукты
|
| 610 |
1 |
|
|a материалы
|
| 610 |
1 |
|
|a оборудование
|
| 610 |
1 |
|
|a физико-химические основы
|
| 610 |
1 |
|
|a газоочистные устройства
|
| 610 |
1 |
|
|a воздухонагреватели
|
| 610 |
1 |
|
|a дутье
|
| 610 |
1 |
|
|a учебные пособия
|
| 675 |
|
|
|a 669.162.26(075.32)
|z rus
|v 3
|
| 700 |
|
1 |
|a Гаврилов
|b Е. Е.
|g Евгений Ефимович
|4 070
|
| 701 |
|
1 |
|a Бузоверя
|b М. Т.
|g Михаил Трофимович
|
| 701 |
|
1 |
|a Можаренко
|b Н. М.
|g Николай Михайлович
|
| 801 |
|
0 |
|a RU
|b RuMRKP
|c 19950704
|g psbo
|
| 801 |
|
1 |
|a RU
|b 63413507
|c 20150112
|
| 801 |
|
2 |
|a RU
|b 63413507
|c 20221219
|g RCR
|
| 942 |
|
|
|c BK
|